| 000 | 00708nam a22002057a 4500 | ||
|---|---|---|---|
| 999 |
_c17239 _d17239 |
||
| 003 | AR-CdUCM | ||
| 008 | 190507b ||||| |||| 00| 0 spa d | ||
| 040 |
_aMUNICIPALIDAD PROVINCIAL DEL CUSCO _cBIBLIOTECA MUNICIPAL DEL CUSCO |
||
| 082 |
_a341.1 / _bD94 |
||
| 100 |
_aDourado de Gusmao, Paulo _937126 |
||
| 245 | _aEl pensamiento jurídico contemporáneo / | ||
| 260 |
_aBuenos Aires : _bValerio Abeledo, _c1953. |
||
| 300 |
_a153 páginas ; _c21 cm. |
||
| 505 | _aContenido : Teoría jurídica de Stammler -- La teoría jurídica de Giorgio del Vecchio ... | ||
| 650 |
_aTeoría _95077 |
||
| 650 |
_aJurídica _922814 |
||
| 650 |
_aDerecho _9739 |
||
| 942 |
_2ddc _cLIBROS |
||
| 945 |
_arah _d07/05/2019 |
||